[Event "NDVM 2019 U14w"]
[Site "?"]
[Date "2019.09.13"]
[Round "3.1"]
[White "Hubert, Charlotte"]
[Black "Roncea, Andreea-Alexandra"]
[Result "1/2-1/2"]
[BlackElo "1677"]
[WhiteElo "1574"]
[LiveChessVersion "1.4.8"]

1. e4 {[%clk 1:30:57]} e5 {[%clk 1:30:57]} 2. Nf3 {[%clk 1:31:21]} Nc6
{[%clk 1:31:20]} 3. Nc3 {[%clk 1:31:43]} Nf6 {[%clk 1:31:43]} 4. d4
{[%clk 1:32:00]} exd4 {[%clk 1:31:51]} 5. Nxd4 {[%clk 1:32:20]} Bb4
{[%clk 1:32:03]} 6. Nxc6 {[%clk 1:32:19]} bxc6 {[%clk 1:32:16]} 7. Bd3
{[%clk 1:32:25]} O-O {[%clk 1:31:51]} 8. O-O {[%clk 1:31:06]} Re8
{[%clk 1:30:03]} 9. Re1 {[%clk 1:27:01]} d5 {[%clk 1:28:57]} 10. exd5
{[%clk 1:24:13]} cxd5 {[%clk 1:28:50]} 11. Rxe8+ {[%clk 1:21:55]} Qxe8
{[%clk 1:28:50]} 12. Bg5 {[%clk 1:18:56]} Bxc3 {[%clk 1:20:57]} 13. bxc3
{[%clk 1:18:34]} Ne4 {[%clk 1:15:54]} 14. Bxe4 {[%clk 1:10:43]} Qxe4
{[%clk 1:13:30]} 15. Qe1 {[%clk 1:10:05]} Bf5 {[%clk 1:11:47]} 16. Qxe4
{[%clk 1:07:23]} Bxe4 {[%clk 1:11:54]} 17. Rb1 {[%clk 0:59:59]} Bxc2
{[%clk 1:07:56]} 18. Rb7 {[%clk 1:00:10]} c6 {[%clk 1:06:29]} 19. Bf4
{[%clk 1:00:07]} Bd3 {[%clk 1:05:00]} 20. Rb8+ {[%clk 1:00:10]} Rxb8
{[%clk 1:05:23]} 21. Bxb8 {[%clk 1:00:36]} a6 {[%clk 1:05:44]} 22. Bd6
{[%clk 1:00:34]} f6 {[%clk 1:05:24]} 23. g3 {[%clk 0:59:42]} Kf7 {[%clk 1:05:45]}
24. Bb4 {[%clk 0:56:31]} Ke6 {[%clk 1:05:32]} 25. Kg2 {[%clk 0:56:27]} Ke5
{[%clk 1:05:21]} 26. Kf3 {[%clk 0:55:29]} d4 {[%clk 1:04:18]} 27. cxd4+
{[%clk 0:49:22]} Kxd4 {[%clk 1:04:09]} 28. Bf8 {[%clk 0:42:49]} g6
{[%clk 1:02:14]} 29. Bg7 {[%clk 0:42:55]} Ke5 {[%clk 1:02:15]} 30. Ke3
{[%clk 0:42:43]} Bc4 {[%clk 1:01:50]} 31. a3 {[%clk 0:43:02]} c5 {[%clk 0:59:04]}
32. Kd2 {[%clk 0:41:10]} Ke6 {[%clk 0:57:10]} 33. Bf8 {[%clk 0:39:33]} Kd5
{[%clk 0:57:16]} 34. Kc3 {[%clk 0:39:16]} f5 {[%clk 0:53:29]} 35. Be7
{[%clk 0:37:47]} Bb5 {[%clk 0:46:47]} 36. Bf8 {[%clk 0:37:06]} Kc6
{[%clk 0:46:30]} 37. Be7 {[%clk 0:36:42]} Be2 {[%clk 0:46:29]} 38. h4
{[%clk 0:33:33]} Kb5 {[%clk 0:39:39]} 39. Bf8 {[%clk 0:33:11]} Kc6
{[%clk 0:36:38]} 1/2-1/2

[Event "NDVM 2019 U14w"]
[Site "?"]
[Date "2019.09.13"]
[Round "3.2"]
[White "Zoellner, Bente"]
[Black "Wartenberg, Alissa"]
[Result "1/2-1/2"]
[BlackElo "1350"]
[WhiteElo "1619"]
[LiveChessVersion "1.4.8"]

1. d4 {[%clk 1:30:59]} d5 {[%clk 1:30:56]} 2. c4 {[%clk 1:31:24]} c6
{[%clk 1:31:22]} 3. Nf3 {[%clk 1:31:30]} Nf6 {[%clk 1:31:46]} 4. Bg5
{[%clk 1:31:50]} Nbd7 {[%clk 1:32:12]} 5. e3 {[%clk 1:32:05]} h6 {[%clk 1:32:36]}
6. Bh4 {[%clk 1:32:25]} e6 {[%clk 1:32:46]} 7. Nc3 {[%clk 1:32:37]} Be7
{[%clk 1:32:46]} 8. Be2 {[%clk 1:32:23]} dxc4 {[%clk 1:33:08]} 9. Bxc4
{[%clk 1:32:37]} b5 {[%clk 1:33:29]} 10. Bb3 {[%clk 1:32:21]} Bb7
{[%clk 1:33:47]} 11. O-O {[%clk 1:31:58]} O-O {[%clk 1:33:09]} 12. Rc1
{[%clk 1:29:46]} Rc8 {[%clk 1:27:13]} 13. a4 {[%clk 1:26:25]} Ba6
{[%clk 1:25:35]} 14. axb5 {[%clk 1:25:30]} cxb5 {[%clk 1:23:10]} 15. Ra1
{[%clk 1:23:38]} Qb6 {[%clk 1:16:42]} 16. Qd2 {[%clk 1:19:41]} Rfd8
{[%clk 0:56:49]} 17. Rfc1 {[%clk 1:14:27]} b4 {[%clk 0:45:24]} 18. Ne2
{[%clk 1:11:42]} Ne4 {[%clk 0:43:05]} 19. Qd1 {[%clk 1:09:24]} Bxh4
{[%clk 0:42:47]} 20. Nxh4 {[%clk 1:08:59]} Ndc5 {[%clk 0:37:11]} 21. Bc2
{[%clk 1:07:42]} b3 {[%clk 0:35:19]} 22. Bb1 {[%clk 1:02:40]} e5 {[%clk 0:29:41]}
23. Qe1 {[%clk 1:00:06]} exd4 {[%clk 0:24:35]} 24. Nxd4 {[%clk 0:57:38]} Nd3
{[%clk 0:19:23]} 25. Bxd3 {[%clk 0:56:57]} Bxd3 {[%clk 0:19:32]} 26. Nhf5
{[%clk 0:54:00]} Rxc1 {[%clk 0:17:33]} 27. Rxc1 {[%clk 0:53:30]} a5
{[%clk 0:14:35]} 28. Qd1 {[%clk 0:50:59]} Bb5 {[%clk 0:11:40]} 29. Qg4
{[%clk 0:49:00]} g6 {[%clk 0:05:33]} 30. Nxh6+ {[%clk 0:46:57]} Kg7
{[%clk 0:05:10]} 31. Nhf5+ {[%clk 0:46:27]} Kf8 {[%clk 0:03:47]} 32. Qxe4
{[%clk 0:44:55]} gxf5 {[%clk 0:03:59]} 33. Qxf5 {[%clk 0:44:53]} Bd7
{[%clk 0:03:28]} 34. Qg5 {[%clk 0:40:30]} a4 {[%clk 0:01:26]} 35. Ra1
{[%clk 0:38:17]} Rc8 {[%clk 0:00:52]} 36. h3 {[%clk 0:33:36]} Qa6
{[%clk 0:00:42]} 37. Nf5 {[%clk 0:29:49]} Bxf5 {[%clk 0:00:53]} 38. Qxf5
{[%clk 0:29:47]} Rc2 {[%clk 0:01:18]} 39. Rd1 {[%clk 0:27:43]} Rc8
{[%clk 0:00:58]} 40. Rd7 {[%clk 0:24:40]} Qc4 {[%clk 0:01:16]} 41. Rxf7+
{[%clk 0:21:25]} Qxf7 {[%clk 0:01:31]} 42. Qxc8+ {[%clk 0:21:47]} Qe8
{[%clk 0:01:39]} 43. Qc5+ {[%clk 0:20:36]} Qe7 {[%clk 0:01:56]} 44. Qb5
{[%clk 0:20:28]} Qe8 {[%clk 0:02:03]} 45. Qb4+ {[%clk 0:20:36]} Kf7
{[%clk 0:01:46]} 46. Qc4+ {[%clk 0:19:35]} Kf8 {[%clk 0:02:04]} 47. h4
{[%clk 0:19:23]} Qa8 {[%clk 0:01:45]} 48. g3 {[%clk 0:17:54]} 1/2-1/2

[Event "NDVM 2019 U14w"]
[Site "?"]
[Date "2019.09.13"]
[Round "3.3"]
[White "Modali, Nikhilamrutha"]
[Black "Evering, Enna"]
[Result "0-1"]
[BlackElo "1604"]
[WhiteElo "1029"]
[LiveChessVersion "1.4.8"]

1. e4 {[%clk 1:30:58]} e5 {[%clk 1:30:48]} 2. Nf3 {[%clk 1:31:22]} Nc6
{[%clk 1:31:05]} 3. Bc4 {[%clk 1:31:46]} Nf6 {[%clk 1:31:10]} 4. d3
{[%clk 1:32:08]} Be7 {[%clk 1:30:51]} 5. O-O {[%clk 1:32:21]} O-O
{[%clk 1:30:57]} 6. Nbd2 {[%clk 1:32:25]} d6 {[%clk 1:30:24]} 7. Re1
{[%clk 1:32:15]} Na5 {[%clk 1:27:25]} 8. Bb3 {[%clk 1:30:48]} Nxb3
{[%clk 1:26:45]} 9. axb3 {[%clk 1:31:10]} Bd7 {[%clk 1:19:32]} 10. Nf1
{[%clk 1:28:26]} c6 {[%clk 1:16:10]} 11. c3 {[%clk 1:24:50]} Qc7 {[%clk 1:06:55]}
12. Ng3 {[%clk 1:19:17]} Rfe8 {[%clk 1:06:55]} 13. Nh4 {[%clk 1:03:39]} h6
{[%clk 0:58:16]} 14. Ngf5 {[%clk 0:58:21]} Bxf5 {[%clk 0:57:19]} 15. Nxf5
{[%clk 0:58:37]} a6 {[%clk 0:50:18]} 16. Qf3 {[%clk 0:55:54]} Kh8
{[%clk 0:47:31]} 17. Qh3 {[%clk 0:48:33]} Bf8 {[%clk 0:44:53]} 18. Re3
{[%clk 0:45:53]} Ng8 {[%clk 0:36:59]} 19. g4 {[%clk 0:38:22]} Ne7
{[%clk 0:24:21]} 20. Nxh6 {[%clk 0:36:26]} gxh6 {[%clk 0:23:30]} 21. Rf3
{[%clk 0:36:32]} Ng8 {[%clk 0:19:49]} 22. Bxh6 {[%clk 0:35:32]} Bxh6
{[%clk 0:18:32]} 23. g5 {[%clk 0:35:52]} Re6 {[%clk 0:16:47]} 24. Qh5
{[%clk 0:34:46]} Qe7 {[%clk 0:14:41]} 25. Rg3 {[%clk 0:31:10]} Rg6
{[%clk 0:12:51]} 26. h4 {[%clk 0:31:12]} Kg7 {[%clk 0:11:03]} 27. gxh6+ Nxh6
{[%clk 0:11:16]} 28. Kh2 {[%clk 0:26:56]} Rxg3 {[%clk 0:10:52]} 29. Kxg3
{[%clk 0:26:38]} Qf6 {[%clk 0:10:53]} 30. Rg1 {[%clk 0:26:23]} Kh7
{[%clk 0:10:44]} 31. f3 {[%clk 0:23:21]} Rg8+ {[%clk 0:10:37]} 32. Kf2
{[%clk 0:23:39]} Rxg1 {[%clk 0:10:58]} 33. Kxg1 {[%clk 0:24:04]} Qg6+
{[%clk 0:11:25]} 34. Qg5 {[%clk 0:24:04]} Qxg5+ {[%clk 0:11:43]} 35. hxg5
{[%clk 0:24:28]} Ng8 {[%clk 0:12:07]} 36. Kg2 {[%clk 0:24:14]} Kg6
{[%clk 0:12:31]} 37. b4 {[%clk 0:23:48]} Kxg5 {[%clk 0:12:52]} 38. c4
{[%clk 0:24:01]} Kf4 {[%clk 0:13:03]} 39. Kf2 {[%clk 0:24:21]} Ne7
{[%clk 0:13:25]} 40. Ke2 {[%clk 0:24:27]} Ng6 {[%clk 0:13:49]} 41. c5
{[%clk 0:24:45]} dxc5 {[%clk 0:13:01]} 42. bxc5 {[%clk 0:25:08]} Nh4
{[%clk 0:13:18]} 43. b4 {[%clk 0:25:13]} Nxf3 {[%clk 0:13:40]} 44. Kf2
{[%clk 0:25:23]} Nd4 {[%clk 0:14:00]} 45. Ke1 {[%clk 0:25:38]} Nc2+
{[%clk 0:14:24]} 46. Kd2 {[%clk 0:26:01]} Nxb4 {[%clk 0:12:53]} 47. Kc3
{[%clk 0:26:23]} Nxd3 {[%clk 0:13:20]} 48. Kxd3 {[%clk 0:26:41]} f6
{[%clk 0:13:45]} 49. Kc4 {[%clk 0:27:04]} Kxe4 {[%clk 0:14:11]} 0-1

[Event "NDVM 2019 U14w"]
[Site "?"]
[Date "2019.09.13"]
[Round "3.4"]
[White "Kube, Maja"]
[Black "Krasikova, Milana"]
[Result "1/2-1/2"]
[BlackElo "1060"]
[WhiteElo "930"]
[LiveChessVersion "1.4.8"]

1. e4 {[%clk 1:30:59]} e5 {[%clk 1:30:59]} 2. Nf3 {[%clk 1:31:22]} Nc6
{[%clk 1:31:28]} 3. Bc4 {[%clk 1:31:29]} h6 {[%clk 1:31:43]} 4. d4
{[%clk 1:29:18]} f6 {[%clk 1:30:58]} 5. O-O {[%clk 1:28:58]} d6 {[%clk 1:31:02]}
6. Be3 {[%clk 1:27:15]} Bg4 {[%clk 1:31:02]} 7. Be2 {[%clk 1:24:57]} Nge7
{[%clk 1:30:14]} 8. c3 {[%clk 1:19:01]} g5 {[%clk 1:26:10]} 9. d5
{[%clk 1:11:39]} Nb8 {[%clk 1:25:28]} 10. Qa4+ {[%clk 1:06:30]} c6
{[%clk 1:23:34]} 11. dxc6 {[%clk 1:02:48]} Nbxc6 {[%clk 1:22:52]} 12. Nbd2
{[%clk 1:00:00]} a6 {[%clk 1:23:01]} 13. c4 {[%clk 0:56:10]} Ng6 {[%clk 1:21:09]}
14. Bd3 {[%clk 0:51:31]} Bxf3 {[%clk 1:18:23]} 15. Nxf3 {[%clk 0:45:14]} Nf4
{[%clk 1:17:33]} 16. Bc2 {[%clk 0:40:36]} h5 {[%clk 1:15:34]} 17. Bxf4
{[%clk 0:31:16]} gxf4 {[%clk 1:15:22]} 18. Nh4 {[%clk 0:30:41]} Rg8
{[%clk 1:08:11]} 19. Rad1 {[%clk 0:26:58]} Kf7 {[%clk 0:53:10]} 20. Nf5
{[%clk 0:25:16]} Qc7 {[%clk 0:49:07]} 21. c5 {[%clk 0:23:25]} Kg6
{[%clk 0:37:53]} 22. cxd6 {[%clk 0:21:38]} Qd7 {[%clk 0:36:01]} 23. Qb3
{[%clk 0:20:13]} Rh8 {[%clk 0:36:17]} 24. Ne7+ {[%clk 0:12:34]} Nxe7
{[%clk 0:34:19]} 25. dxe7 {[%clk 0:12:41]} Qxe7 {[%clk 0:34:13]} 26. Qd5
{[%clk 0:09:52]} Rc8 {[%clk 0:32:32]} 27. Bb3 {[%clk 0:09:54]} Rh7
{[%clk 0:32:25]} 28. Qg8+ {[%clk 0:09:36]} Qg7 {[%clk 0:31:57]} 29. Qe6
{[%clk 0:08:33]} Rc7 {[%clk 0:31:12]} 30. Qf5+ {[%clk 0:08:14]} Kh6
{[%clk 0:31:15]} 31. Rd3 {[%clk 0:08:17]} Qg6 {[%clk 0:30:29]} 32. Be6
{[%clk 0:05:50]} Rhg7 {[%clk 0:30:00]} 33. Qxg6+ {[%clk 0:05:44]} Rxg6
{[%clk 0:30:20]} 34. Bh3 {[%clk 0:06:00]} Rc2 {[%clk 0:29:56]} 35. Rb1
{[%clk 0:06:05]} Rg7 {[%clk 0:29:44]} 36. Rd8 {[%clk 0:05:58]} Bb4
{[%clk 0:29:16]} 37. Bf5 {[%clk 0:05:53]} Rgc7 {[%clk 0:29:24]} 38. h4
{[%clk 0:05:32]} Kg7 {[%clk 0:28:24]} 39. Rbd1 {[%clk 0:05:06]} Ba5
{[%clk 0:25:59]} 40. R1d7+ {[%clk 0:03:24]} Rxd7 {[%clk 0:26:22]} 41. Rxd7+
{[%clk 0:03:36]} Kf8 {[%clk 0:26:14]} 42. Be6 {[%clk 0:03:22]} Rxb2
{[%clk 0:26:03]} 43. Rh7 {[%clk 0:03:19]} Be1 {[%clk 0:25:30]} 44. Rf7+
{[%clk 0:00:42]} Ke8 {[%clk 0:25:45]} 45. Rxf6 {[%clk 0:29:47]} Bxf2+
{[%clk 0:55:35]} 46. Kf1 {[%clk 0:29:31]} Bxh4 {[%clk 0:55:51]} 47. Rh6
{[%clk 0:29:31]} b5 {[%clk 0:55:50]} 48. Rxh5 {[%clk 0:29:35]} Bf6
{[%clk 0:54:44]} 49. Bd5 {[%clk 0:28:49]} a5 {[%clk 0:54:57]} 50. Bc6+
{[%clk 0:28:00]} Ke7 {[%clk 0:55:10]} 51. Rh7+ {[%clk 0:27:54]} Kd6
{[%clk 0:55:24]} 52. Bd5 1/2-1/2

[Event "NDVM 2019 U14w"]
[Site "?"]
[Date "2019.09.13"]
[Round "3.5"]
[White "Pikki, Daria"]
[Black "Hellenbroich, Helene"]
[Result "1-0"]
[BlackElo "1105"]
[WhiteElo "1210"]
[LiveChessVersion "1.4.8"]

1. e4 {[%clk 1:30:58]} e6 {[%clk 1:30:50]} 2. d4 {[%clk 1:31:21]} d5
{[%clk 1:31:09]} 3. Nc3 {[%clk 1:31:36]} c5 {[%clk 1:31:00]} 4. Be3
{[%clk 1:30:56]} Nc6 {[%clk 1:31:16]} 5. dxc5 {[%clk 1:30:39]} a6
{[%clk 1:31:15]} 6. Nf3 {[%clk 1:30:05]} Nf6 {[%clk 1:31:17]} 7. exd5
{[%clk 1:27:08]} exd5 {[%clk 1:31:13]} 8. Be2 {[%clk 1:23:48]} Be6
{[%clk 1:31:23]} 9. O-O {[%clk 1:22:16]} Be7 {[%clk 1:28:31]} 10. a3
{[%clk 1:17:11]} a5 {[%clk 1:24:58]} 11. Bb5 {[%clk 1:15:20]} O-O
{[%clk 1:23:12]} 12. h3 {[%clk 1:12:43]} Qc7 {[%clk 1:17:35]} 13. Qe2
{[%clk 1:09:34]} Rfd8 {[%clk 1:15:30]} 14. Rfd1 {[%clk 1:07:33]} Rac8
{[%clk 1:13:18]} 15. Kh1 {[%clk 1:00:22]} Na7 {[%clk 1:11:53]} 16. b4
{[%clk 0:57:04]} Ne4 {[%clk 1:09:00]} 17. Nxe4 {[%clk 0:54:23]} dxe4
{[%clk 1:08:49]} 18. Ng5 {[%clk 0:51:48]} Bf6 {[%clk 1:03:52]} 19. Nxe6
{[%clk 0:49:47]} fxe6 {[%clk 1:04:02]} 20. Rab1 {[%clk 0:49:12]} Nxb5
{[%clk 1:03:14]} 21. Qxb5 {[%clk 0:47:50]} axb4 {[%clk 1:02:52]} 22. axb4
{[%clk 0:46:54]} Rd5 {[%clk 1:02:16]} 23. Qc4 {[%clk 0:45:39]} Rcd8
{[%clk 1:01:53]} 24. Rf1 {[%clk 0:43:12]} Qe5 {[%clk 1:00:10]} 25. c3
{[%clk 0:38:50]} Rd3 {[%clk 0:58:53]} 26. Bd4 {[%clk 0:37:05]} Qf5
{[%clk 0:57:32]} 27. Bxf6 {[%clk 0:37:10]} Qxf6 {[%clk 0:57:28]} 28. Qxe4
{[%clk 0:36:37]} Qf7 {[%clk 0:56:18]} 29. Rbc1 {[%clk 0:35:47]} Rd2
{[%clk 0:54:58]} 30. Kg1 {[%clk 0:34:43]} Ra2 {[%clk 0:54:17]} 31. Rce1
{[%clk 0:33:10]} Re8 {[%clk 0:53:08]} 32. Re2 {[%clk 0:31:55]} Rxe2
{[%clk 0:52:14]} 33. Qxe2 {[%clk 0:32:12]} Ra8 {[%clk 0:51:52]} 34. Re1
{[%clk 0:31:46]} Ra3 {[%clk 0:51:57]} 35. Qxe6 {[%clk 0:31:18]} Qxe6
{[%clk 0:52:19]} 36. Rxe6 {[%clk 0:31:35]} Rxc3 {[%clk 0:52:42]} 37. Re7
{[%clk 0:31:52]} b5 {[%clk 0:52:35]} 38. cxb6 {[%clk 0:32:12]} Rc8
{[%clk 0:52:30]} 39. b7 {[%clk 0:32:22]} Rd8 {[%clk 0:52:27]} 40. Rc7
{[%clk 0:32:37]} 1-0

[Event "NDVM 2019 U14w"]
[Site "?"]
[Date "2019.09.13"]
[Round "3.6"]
[White "Alscher, Anouk"]
[Black "Schmidt, Luise"]
[Result "1/2-1/2"]
[BlackElo "1219"]
[WhiteElo "1082"]
[LiveChessVersion "1.4.8"]

1. e4 {[%clk 1:30:58]} d5 {[%clk 1:30:43]} 2. exd5 {[%clk 1:31:17]} Qxd5
{[%clk 1:30:41]} 3. Nc3 {[%clk 1:31:07]} Qa5 {[%clk 1:30:45]} 4. Bc4
{[%clk 1:30:50]} Nf6 {[%clk 1:30:50]} 5. d3 {[%clk 1:30:29]} c6 {[%clk 1:30:19]}
6. a3 {[%clk 1:29:45]} Qc7 7. Nf3 {[%clk 1:28:37]} Bf5 {[%clk 1:29:56]} 8. Bg5
{[%clk 1:27:04]} Nbd7 {[%clk 1:29:15]} 9. Bxf6 {[%clk 1:26:39]} Nxf6
{[%clk 1:28:56]} 10. Qe2 {[%clk 1:25:35]} e6 {[%clk 1:28:11]} 11. h3
{[%clk 1:21:04]} h6 {[%clk 1:23:51]} 12. Ne5 {[%clk 1:18:28]} Bd6
{[%clk 1:19:24]} 13. f4 {[%clk 1:17:00]} Nd7 {[%clk 1:10:41]} 14. d4
{[%clk 1:15:39]} Bxe5 {[%clk 1:02:33]} 15. fxe5 {[%clk 1:15:28]} f6
{[%clk 1:00:28]} 16. exf6 {[%clk 1:15:10]} Nxf6 {[%clk 0:47:47]} 17. Bxe6
{[%clk 1:09:28]} 1/2-1/2

[Event "NDVM 2019 U14w"]
[Site "?"]
[Date "2019.09.13"]
[Round "3.7"]
[White "Belkina, Elisabeth"]
[Black "Rosin, Ida"]
[Result "0-1"]
[BlackElo "1122"]
[WhiteElo "1046"]
[LiveChessVersion "1.4.8"]

1. e4 {[%clk 1:30:56]} e5 {[%clk 1:30:53]} 2. Nf3 {[%clk 1:31:00]} Nc6
{[%clk 1:31:14]} 3. d4 {[%clk 1:31:22]} exd4 {[%clk 1:31:17]} 4. Bc4
{[%clk 1:31:45]} Be7 {[%clk 1:30:52]} 5. c3 {[%clk 1:31:58]} Bf6 {[%clk 1:27:13]}
6. cxd4 {[%clk 1:31:36]} d6 {[%clk 1:24:58]} 7. O-O {[%clk 1:30:46]} Bg4
{[%clk 1:25:09]} 8. Nbd2 {[%clk 1:30:35]} Nxd4 {[%clk 1:25:08]} 9. h3
{[%clk 1:30:27]} Bh5 {[%clk 1:25:32]} 10. Be2 {[%clk 1:30:07]} Nxe2+
{[%clk 1:23:42]} 11. Qxe2 {[%clk 1:30:22]} Nh6 {[%clk 1:23:35]} 12. g4
{[%clk 1:30:11]} Bg6 {[%clk 1:23:37]} 13. Qe3 {[%clk 1:29:36]} Be5
{[%clk 1:19:44]} 14. Nxe5 {[%clk 1:28:31]} dxe5 {[%clk 1:18:40]} 15. f4
{[%clk 1:27:19]} exf4 {[%clk 1:16:17]} 16. Qxf4 {[%clk 1:27:27]} f6
{[%clk 1:14:54]} 17. b3 {[%clk 1:26:10]} Qd4+ {[%clk 1:14:57]} 18. Kh1
{[%clk 1:25:20]} Qxa1 {[%clk 1:15:00]} 19. Qxc7 {[%clk 1:24:26]} O-O
{[%clk 1:15:02]} 20. Ba3 {[%clk 1:24:29]} Bxe4+ {[%clk 1:15:05]} 21. Kg1
{[%clk 1:23:29]} Qd4+ {[%clk 1:15:14]} 22. Rf2 {[%clk 1:23:37]} Rfe8
{[%clk 1:14:55]} 23. Kf1 {[%clk 1:20:51]} Qd3+ {[%clk 1:14:37]} 24. Kg1
{[%clk 1:19:21]} Qxh3 {[%clk 1:13:34]} 25. Qc4+ {[%clk 1:19:21]} Kh8
{[%clk 1:11:51]} 26. Nxe4 {[%clk 1:19:14]} Qxg4+ {[%clk 1:11:50]} 27. Rg2
{[%clk 1:19:09]} Qf3 {[%clk 1:11:00]} 28. Nd2 {[%clk 1:17:00]} Re1+
{[%clk 1:10:56]} 29. Kh2 {[%clk 1:16:54]} Qh5+ {[%clk 1:09:48]} 30. Kg3
{[%clk 1:16:50]} Re3+ {[%clk 1:09:05]} 31. Kf2 {[%clk 1:16:51]} Rae8
{[%clk 1:08:57]} 32. Kf1 {[%clk 1:16:24]} Qd1+ {[%clk 1:07:54]} 33. Kf2
{[%clk 1:16:19]} Qe1# {[%clk 1:08:01]} 0-1

[Event "NDVM 2019 U14w"]
[Site "?"]
[Date "2019.09.13"]
[Round "3.8"]
[White "Gossing, Marie-Sophie"]
[Black "Grigoryan, Nare"]
[Result "1-0"]
[BlackElo "827"]
[WhiteElo "1120"]
[LiveChessVersion "1.4.8"]

1. e4 {[%clk 1:30:54]} e5 {[%clk 1:30:53]} 2. Nf3 {[%clk 1:31:09]} Nc6
{[%clk 1:31:08]} 3. Bc4 {[%clk 1:31:27]} Nf6 {[%clk 1:31:25]} 4. c3
{[%clk 1:30:41]} Be7 {[%clk 1:31:29]} 5. d3 {[%clk 1:30:43]} O-O {[%clk 1:31:43]}
6. Be3 {[%clk 1:28:12]} d5 {[%clk 1:31:33]} 7. exd5 {[%clk 1:23:54]} Nxd5
{[%clk 1:30:58]} 8. Bd2 {[%clk 1:21:30]} Re8 {[%clk 1:27:57]} 9. h4
{[%clk 1:20:23]} Nf4 {[%clk 1:27:51]} 10. Bxf4 {[%clk 1:18:08]} exf4
{[%clk 1:28:00]} 11. O-O {[%clk 1:17:01]} Bg4 {[%clk 1:27:16]} 12. Nbd2
{[%clk 1:17:04]} Bxh4 {[%clk 1:27:26]} 13. Qb3 {[%clk 1:16:51]} Rf8
{[%clk 1:26:14]} 14. Rae1 {[%clk 1:14:42]} a6 {[%clk 1:24:43]} 15. Re4
{[%clk 1:14:17]} Bg5 {[%clk 1:22:18]} 16. Ne5 {[%clk 1:11:46]} Be6
{[%clk 1:19:04]} 17. Bxe6 {[%clk 1:10:26]} fxe6 {[%clk 1:18:34]} 18. Qxe6+
{[%clk 1:10:24]} Kh8 {[%clk 1:18:50]} 19. Nf7+ {[%clk 1:10:35]} Kg8
{[%clk 1:18:50]} 20. Nh6+ {[%clk 1:09:46]} Kh8 {[%clk 1:18:44]} 21. Qg8+
{[%clk 1:10:02]} Rxg8 {[%clk 1:19:00]} 22. Nf7# {[%clk 1:10:26]} 1-0

[Event "NDVM 2019 U14w"]
[Site "?"]
[Date "2019.09.13"]
[Round "3.9"]
[White "Margaryan, Venera"]
[Black "Fayngold, Sophie Olivia"]
[Result "0-1"]
[BlackElo "1581"]
[WhiteElo "1293"]
[LiveChessVersion "1.4.8"]

1. d4 {[%clk 1:30:58]} d5 {[%clk 1:30:57]} 2. c4 {[%clk 1:31:18]} Nf6
{[%clk 1:30:31]} 3. Nc3 {[%clk 1:30:30]} e6 {[%clk 1:28:56]} 4. Bg5
{[%clk 1:30:07]} c5 {[%clk 1:28:21]} 5. dxc5 {[%clk 1:29:22]} Bxc5
{[%clk 1:28:07]} 6. cxd5 {[%clk 1:29:15]} exd5 {[%clk 1:28:06]} 7. Nxd5
{[%clk 1:28:15]} Qxd5 {[%clk 1:27:21]} 8. Qxd5 {[%clk 1:19:01]} Nxd5
{[%clk 1:26:57]} 9. Rd1 {[%clk 1:18:47]} Bb4+ {[%clk 1:27:02]} 10. Bd2
{[%clk 1:18:50]} Bf5 {[%clk 1:22:34]} 11. Nf3 {[%clk 1:16:47]} Nc6
{[%clk 1:19:40]} 12. e3 {[%clk 1:16:20]} O-O {[%clk 1:18:34]} 13. Bc4
{[%clk 1:16:11]} Rad8 {[%clk 1:12:12]} 14. O-O {[%clk 1:15:36]} Bxd2
{[%clk 1:11:51]} 15. Nxd2 {[%clk 1:15:02]} Nb6 {[%clk 1:11:26]} 16. Bb3
{[%clk 1:13:29]} Na5 {[%clk 1:10:08]} 17. e4 {[%clk 1:12:23]} Nxb3
{[%clk 1:10:00]} 18. Nxb3 {[%clk 1:08:15]} Rxd1 {[%clk 1:09:35]} 19. Rxd1
{[%clk 1:08:25]} Bxe4 {[%clk 1:09:53]} 20. Nc5 {[%clk 1:08:24]} Bc6
{[%clk 1:08:37]} 21. h3 {[%clk 1:06:35]} Re8 {[%clk 1:07:23]} 22. Rd3
{[%clk 1:02:11]} h6 {[%clk 1:06:38]} 23. Rd2 {[%clk 0:56:50]} Re5
{[%clk 1:03:50]} 24. Rd8+ {[%clk 0:53:32]} Kh7 {[%clk 1:03:27]} 25. Nd3
{[%clk 0:51:09]} Rd5 {[%clk 1:02:12]} 26. Rxd5 {[%clk 0:50:58]} Bxd5
{[%clk 1:02:28]} 27. a3 {[%clk 0:49:56]} Nc4 {[%clk 1:01:04]} 28. Kf1
{[%clk 0:48:53]} Be4 {[%clk 1:00:05]} 29. Nc5 {[%clk 0:48:39]} f5
{[%clk 0:59:00]} 30. f3 {[%clk 0:48:43]} Bc6 {[%clk 0:58:51]} 31. Nd3
{[%clk 0:48:19]} Bb5 {[%clk 0:58:44]} 32. Ke1 {[%clk 0:45:49]} Nxa3
{[%clk 0:57:53]} 33. Nc5 {[%clk 0:44:51]} b6 {[%clk 0:56:36]} 34. f4
{[%clk 0:42:10]} Nc2+ {[%clk 0:55:55]} 35. Kd2 {[%clk 0:41:23]} bxc5
{[%clk 0:56:17]} 36. Kxc2 {[%clk 0:41:28]} Bf1 {[%clk 0:56:43]} 37. g3
{[%clk 0:40:43]} Bxh3 {[%clk 0:57:03]} 38. Kc3 {[%clk 0:40:54]} Bf1
{[%clk 0:57:25]} 39. Kd2 {[%clk 0:39:29]} c4 {[%clk 0:57:08]} 40. Ke1
{[%clk 0:39:04]} Bd3 {[%clk 0:57:29]} 41. Kd2 {[%clk 0:38:34]} g5
{[%clk 0:57:29]} 42. fxg5 {[%clk 0:38:25]} hxg5 {[%clk 0:57:55]} 43. Kc3
{[%clk 0:38:20]} f4 {[%clk 0:58:02]} 44. gxf4 {[%clk 0:38:44]} gxf4
{[%clk 0:58:14]} 45. Kd2 {[%clk 0:38:55]} Kg6 {[%clk 0:58:37]} 46. Ke1
{[%clk 0:37:29]} Kf5 {[%clk 0:58:53]} 47. Kf2 {[%clk 0:37:25]} Ke4
{[%clk 0:59:19]} 48. Kg2 {[%clk 0:37:28]} Ke3 {[%clk 0:59:37]} 49. Kg1
{[%clk 0:37:31]} f3 {[%clk 0:59:58]} 50. Kh2 {[%clk 0:37:51]} f2 {[%clk 1:00:23]}
51. b3 {[%clk 0:38:06]} f1=Q {[%clk 1:00:42]} 52. bxc4 {[%clk 0:38:31]} Qf3
{[%clk 1:00:47]} 53. c5 {[%clk 0:38:49]} Bf1 {[%clk 1:01:05]} 54. c6
{[%clk 0:39:11]} Qg2# 0-1

[Event "NDVM 2019 U14w"]
[Site "?"]
[Date "2019.09.13"]
[Round "3.10"]
[White "Gehrke, Gina Celina"]
[Black "Daoud, Shahnaz"]
[Result "1-0"]
[BlackElo "1127"]
[WhiteElo "1543"]
[LiveChessVersion "1.4.8"]

1. d4 {[%clk 1:30:57]} d5 {[%clk 1:30:50]} 2. e3 {[%clk 1:31:17]} e6
{[%clk 1:31:06]} 3. Bd3 {[%clk 1:31:37]} Bd6 {[%clk 1:31:09]} 4. Nd2
{[%clk 1:31:40]} Nd7 5. c3 {[%clk 1:31:27]} f5 {[%clk 1:30:28]} 6. f4
{[%clk 1:31:48]} Ngf6 {[%clk 1:29:50]} 7. Ngf3 {[%clk 1:32:12]} Ne4
{[%clk 1:29:40]} 8. O-O {[%clk 1:32:29]} h6 {[%clk 1:29:22]} 9. Bxe4
{[%clk 1:32:25]} dxe4 {[%clk 1:29:01]} 10. Ne5 {[%clk 1:32:40]} Nxe5
{[%clk 1:27:45]} 11. fxe5 {[%clk 1:32:51]} Be7 {[%clk 1:27:59]} 12. Qh5+
{[%clk 1:32:30]} Kd7 {[%clk 1:27:32]} 13. Nb3 {[%clk 1:31:13]} b6
{[%clk 1:27:03]} 14. Rd1 {[%clk 1:30:58]} Qe8 {[%clk 1:22:07]} 15. Qe2
{[%clk 1:31:04]} c6 {[%clk 1:19:49]} 16. Nd2 {[%clk 1:30:18]} g5 {[%clk 1:17:53]}
17. a4 {[%clk 1:30:20]} a5 {[%clk 1:14:41]} 18. b3 {[%clk 1:29:47]} Ba6
{[%clk 1:14:08]} 19. Nc4 {[%clk 1:29:43]} Kc7 {[%clk 1:13:39]} 20. Ba3
{[%clk 1:29:46]} b5 {[%clk 1:12:27]} 21. axb5 {[%clk 1:29:15]} Bxb5
{[%clk 1:12:19]} 22. Qa2 {[%clk 1:27:21]} f4 {[%clk 1:11:01]} 23. Nd6
{[%clk 1:25:57]} Qg6 {[%clk 1:09:25]} 24. Nxb5+ {[%clk 1:25:26]} cxb5
{[%clk 1:09:03]} 25. Bxe7 {[%clk 1:25:43]} fxe3 {[%clk 1:09:14]} 26. Qe2
{[%clk 1:25:39]} Kb6 {[%clk 1:08:23]} 27. Qxe3 {[%clk 1:25:34]} Ka6
{[%clk 1:07:36]} 28. Bb4 {[%clk 1:24:41]} Kb6 {[%clk 0:51:29]} 29. d5+
{[%clk 1:24:20]} Kc7 {[%clk 0:51:15]} 30. Qc5+ {[%clk 1:24:16]} Kd7
{[%clk 0:51:17]} 31. dxe6+ {[%clk 1:23:46]} Kxe6 {[%clk 0:51:23]} 32. Rd6+
{[%clk 1:23:40]} Kf7 {[%clk 0:51:28]} 33. Qc7+ {[%clk 1:23:38]} Ke8
{[%clk 0:51:19]} 34. Rxg6 {[%clk 1:24:00]} Rf8 {[%clk 0:49:03]} 35. Re6#
{[%clk 1:24:15]} 1-0